Normal view
MARC view
- البحث التاريخي والإشراف المجالي، بكر خازر؛ فريق العمل خولة ياسين الزغلوان وآخرون
Entry Personal Name
001 - CONTROL NUMBER
- control field: 56043
003 - CONTROL NUMBER IDENTIFIER
- control field: JO-AjAnu
005 - DATE AND TIME OF LATEST TRANSACTION
- control field: 20230606083203.0
008 - FIXED-LENGTH DATA ELEMENTS
- fixed length control field: 230606|| aca||aabn | a|a d
040 ## - CATALOGING SOURCE
- Original cataloging agency: JO-AjAnu
- Transcribing agency: JO-AjAnu
100 ## - HEADING--PERSONAL NAME
- Personal name: البحث التاريخي والإشراف المجالي، بكر خازر؛ فريق العمل خولة ياسين الزغلوان وآخرون
670 ## - SOURCE DATA FOUND
- Source citation: Work cat.: (JO-AjAnu)28602: البحث التاريخي والإشراف المجالي، بكر خازر؛ فريق العمل خولة ياسين الزغلوان وآخرون, author, الثورة العربية الكبرى: الموسوعة التاريخية المصورة